书目信息 |
| 题名: |
中国工会历史文献
|
|
| 作者: | ;中华全国总工会中国职工运动史研究室 编 | |
| 分册: | 5 | |
| 出版信息: | 北京 工人出版社 1959 |
|
| 页数: | 528页 | |
| 开本: | 20cm | |
| 丛书名: | ||
| 单 册: | ||
| 中图分类: | K261.3 | |
| 科图分类: | ||
| 主题词: | 工会运动史--中国--史料 | |
| 电子资源: | ||
| ISBN: | ||
| 000 | 00763nam0 2200229 450 | |
| 001 | 1573032435 | |
| 005 | 20150203202542.93 | |
| 010 | @b精装@dCNY2.90 | |
| 091 | @a3007.314 | |
| 100 | @a19980424e19811959em y0chiy0110 ea | |
| 101 | 0 | @achi |
| 102 | @aCN@b110000 | |
| 105 | @ay z 000yy | |
| 200 | 1 | @a中国工会历史文献@9zhong guo gong hui li shi wen xian@h5@e1945.9—1949.9@f中华全国总工会中国职工运动史研究室编 |
| 210 | @a北京@c工人出版社@d1959@h1981年重印 | |
| 215 | @a528页@d20cm | |
| 300 | @a内部发行 | |
| 606 | 0 | @a工会运动史@y中国@x史料 |
| 690 | @aK261.3@v5 | |
| 711 | 02 | @a中华全国总工会中国职工运动史研究室@9zhong hua quan guo zong gong hui zhong guo zhi gong yun dong shi yan jiu shi@4编 |
| 801 | 0 | @aCN@bTSSF@c20150203 |
| 905 | @aZUCC@dK261.3@eJY1:5 | |
| 中国工会历史文献.5:1945.9—1949.9/中华全国总工会中国职工运动史研究室编.-北京:工人出版社,1959(1981年重印) |
| 528页;20cm |
| 内部发行 |
| ISBN (精装):CNY2.90 |
| ● |
| 相关链接 |
|
|
|
|
正题名:中国工会历史文献
索取号:K261.3/JY1:5
 
预约/预借
| 序号 | 登录号 | 条形码 | 馆藏地/架位号 | 状态 | 备注 |
| 1 | 7855825 | 278558259 | 学院路分馆/ [索取号:K261.3/JY1:5] | 在馆 |